000 00457nam a2200169Ia 4500
003 GCL
008 140319s9999 xx 000 0 eng d
040 _aGCL /
_cGCL
082 0 4 _a381.1
_bA S
100 1 _aARNELL, ULLA
245 1 0 _aSOME NOTES ON THE EVALUATION OF EXHIBITIONS /
_cARNELL, ULLA
700 1 _aHAMMER, LNGER
260 _a[S.N] :
_bRIKSUTS TALLNINGAR SANDHAMNSGATAN ،
_c1974
300 _a17 P
650 0 4 _aEXHIBITION
942 _2ddc
_cBK
999 _c19618
_d19618